LEADER 02428nam 2200841 450 001 9910132032003321 005 20160621164956.0 010 $a88-6992-126-3 035 $a(CKB)3400000000018523 035 $a(ItFiC)it 05040620 035 $a(SSID)ssj0000576730 035 $a(PQKBManifestationID)12273350 035 $a(PQKBTitleCode)TC0000576730 035 $a(PQKBWorkID)10559003 035 $a(PQKB)10606090 035 $a(EXLCZ)993400000000018523 100 $a20090107d2005 uy 0 101 0 $aita 181 $ctxt 182 $cc 183 $acr 200 12$aL'abuso infantile$b[electronic resource] $edefinizioni e linee d'intervento in Gran Bretagna /$fStefanella Alterio 210 $aRoma $cArmando$d2005 215 $a94 p 225 0$aCollana medico-psico-pedagogica 300 $aBibliographic Level Mode of Issuance: Monograph 320 $aIncludes bibliographical references. 517 $aAbuso infantile 517 $aL'abuso infantile 606 $aChild abuse$zItaly 606 $aChild welfare$zItaly 606 $aHealth Care Economics and Organizations 606 $aChild Welfare 606 $aNational Health Programs 606 $aDomestic Violence 606 $aSocial Welfare 606 $aViolence 606 $aHealth Care 606 $aHealth Planning 606 $aCrime 606 $aSocial Problems 606 $aSociology 606 $aCriminology 606 $aSocial Sciences 606 $aAnthropology, Education, Sociology and Social Phenomena 606 $aState Medicine 606 $aChild Abuse 615 0$aChild abuse 615 0$aChild welfare 615 2$aHealth Care Economics and Organizations 615 2$aChild Welfare 615 2$aNational Health Programs 615 2$aDomestic Violence 615 2$aSocial Welfare 615 2$aViolence 615 2$aHealth Care 615 2$aHealth Planning 615 2$aCrime 615 2$aSocial Problems 615 2$aSociology 615 2$aCriminology 615 2$aSocial Sciences 615 2$aAnthropology, Education, Sociology and Social Phenomena 615 2$aState Medicine 615 2$aChild Abuse 676 $a362 700 $aAlterio$b Stefanella$0573573 801 0$bItFiC 801 1$bItFiC 906 $aBOOK 912 $a9910132032003321 996 $aL'abuso infantile$92433726 997 $aUNINA LEADER 00955nam0 22002531i 450 001 UON00403612 005 20231205104707.937 100 $a20120120d1939 |0itac50 ba 101 $aita 102 $aIT 105 $a|||| ||||| 200 1 $aˆLa ‰ difesa della razza nell'impero$eil problema dei meticci$fNicola Marchitto 210 $aNapoli$cG.U.F. Mussolini Sezioni Editoriale$d1939 215 $a75 p.$d22 cm. 606 $aRAZZA$3UONC058641$2FI 620 $aIT$dNapoli$3UONL000012 700 1$aMARCHITTO$bNicola$3UONV007289$0570096 712 $aG.U.F.$3UONV264065$4650 801 $aIT$bSOL$c20240220$gRICA 899 $aSIBA - SISTEMA BIBLIOTECARIO DI ATENEO$2UONSI 912 $aUON00403612 950 $aSIBA - SISTEMA BIBLIOTECARIO DI ATENEO$dSI II ANT-SOCB Q 0073 $eSI MR 11358 5 0073 $sBuono 996 $aDifesa della razza nell'impero$91345084 997 $aUNIOR